000 01010nam a22002897a 4500
001 4663
003 FISKH
005 20240919113041.0
008 240919b cb ||||| |||| 00| 0 eng d
020 _a9780545523165
040 _aFISKH
_beng
_cFISKH
_dFISKH
050 _aPZ7.R2978
082 _2468
100 _aResau, Laura
245 _aStar in the forest /
_cLaura Resau
250 _aFirst printing in 2013
260 _aNew York :
_bScholastic,
_c2013.
300 _a149 pages :
_c20cm
505 _aR
520 _aAfter eleven-year-old Zitlally's father is deported to Mexico, she takes refuge in her trailer park's forest of rusted car parts, where she befriends a spunky neighbor and finds a stray dog that she nurses back to health and believes she must keep safe so that her father will return.
521 8 _a780L
_bLexile
521 8 _aR
_bRaz-Plus
650 _2Friendship
_aIllegal immigration
650 _2Deportation
_aImmigration
942 _2ddc
_cBK
_n0
999 _c4663
_d4663